| 000 | 01253cam a2200337 a 4500 | ||
|---|---|---|---|
| 001 | 14260 | ||
| 003 | BD-JhCC | ||
| 005 | 20250225115950.0 | ||
| 008 | 990211s2000 maua b 001 0 eng | ||
| 020 | _a0073039381 (acidfree paper) | ||
| 035 | _a(DLC) 14260 | ||
| 040 |
_aDLC _cDLC _dDLC |
||
| 041 | _aenglish | ||
| 050 | 0 | 0 |
_aQA403.5 _b.B7 2000 |
| 082 | 0 | 0 |
_a515.723 _221 _bBRA 2000 |
| 100 | 1 |
_aBracewell, Ronald N. _q(Ronald Newbold), _d1921-2007. |
|
| 245 | 1 | 4 |
_aThe Fourier transform and its applications / _cRonald N. Bracewell. |
| 250 | _a3rd ed. | ||
| 260 |
_aBoston : _bMcGraw Hill, _c2000. |
||
| 300 |
_axx, 616 p. : _bill. ; _c25 cm. |
||
| 440 | 0 |
_aMcGraw-Hill series in electrical and computer engineering. _pCircuits and systems |
|
| 504 | _aIncludes bibliographical references and index. | ||
| 650 | 0 | _aFourier transformations. | |
| 650 | 0 | _aTransformations (Mathematics) | |
| 650 | 0 | _aHarmonic analysis. | |
| 856 | 4 | 2 |
_3Contributor biographical information _uhttp://www.loc.gov/catdir/bios/mh042/99021139.html |
| 856 | 4 | 2 |
_3Publisher description _uhttp://www.loc.gov/catdir/description/mh023/99021139.html |
| 856 | 4 | 1 |
_3Table of contents _uhttp://www.loc.gov/catdir/toc/mh023/99021139.html |
| 942 |
_2ddc _cBK |
||
| 999 |
_c14260 _d14260 |
||